Ropovod Baku-Tbilisi-Ceyhan a nová kavkazská geopolitika
Nový ropovod Baku-Tbilisi-Ceyhan (BTC) pomenovaný podľa hlavných miest krajín, ktorými prechádza a tureckého prístavu. Transport ropy a zemného plynu kľúčovým problémom regiónu. Stret záujmov postsovietskych republík a vonkajších mocností. Ropovod otvára cestu americkému a tureckému vplyvu.
Gespeichert in:
| 1. Verfasser: | |
|---|---|
| Format: | Buchkapitel |
| Sprache: | Tschechisch |
| Schlagworte: | |
| Tags: |
Keine Tags, Fügen Sie das erste Tag hinzu!
|
MARC
| LEADER | 00000naa$a2200000$$$4500 | ||
|---|---|---|---|
| 001 | 0036399 | ||
| 005 | 20231016092017.1 | ||
| 041 | 0 | |a cze | |
| 044 | |a CZ | ||
| 245 | 1 | 0 | |a Ropovod Baku-Tbilisi-Ceyhan a nová kavkazská geopolitika |c Ondřej Ditrych |
| 520 | |a Nový ropovod Baku-Tbilisi-Ceyhan (BTC) pomenovaný podľa hlavných miest krajín, ktorými prechádza a tureckého prístavu. Transport ropy a zemného plynu kľúčovým problémom regiónu. Stret záujmov postsovietskych republík a vonkajších mocností. Ropovod otvára cestu americkému a tureckému vplyvu. | ||
| 610 | 2 | 0 | |a ropa |
| 610 | 2 | 0 | |a ropovody |
| 610 | 2 | 0 | |a plyn zemný |
| 610 | 2 | 0 | |a spolupráca medzinárodná |
| 610 | 2 | 0 | |a politika zahraničná |
| 610 | 2 | 0 | |a politika medzinárodná |
| 610 | 2 | 0 | |a vzťahy medzinárodné |
| 610 | 2 | 0 | |a konflikty |
| 610 | 2 | 0 | |a Azerbajdžan |
| 610 | 2 | 0 | |a Gruzínsko |
| 610 | 2 | 0 | |a Turecko |
| 100 | 1 | |a Ditrych, Ondřej | |